| 000 | 00720nam a2200193 i 4500 | ||
|---|---|---|---|
| 001 | 157598 | ||
| 003 | ES-MaACL | ||
| 005 | 20250727025349.0 | ||
| 008 | 001107s18801884fr ab |||| | fre d | ||
| 040 |
_aCCPB | B _bspa _cCCPB | B |
||
| 100 | 1 |
_aLesson, A. _9128906 |
|
| 245 | 1 | 4 |
_aLes polynésiens _b: leur origine, leurs migrations, leur langage / _cpar A. Lesson ; ouvrage rédigé d'aprés le manuscrit de l'auteur par Ludovic Martinet. |
| 260 |
_aParis : _bErnest Leroux, _c1880-1884. |
||
| 300 |
_a4 v. : _bmapas ; _c24 cm. |
||
| 650 | 7 |
_aAntropología cultural y social- _zPolinesia _2 _9135573 |
|
| 700 | 1 |
_aMartinet, Ludovic. _9129572 |
|
| 852 |
_aES-MaACL _jF-1738-1741 _z-- Rúst. |
||
| 999 |
_c157598 _d157598 |
||